| 000 | 01643nam a22004337a 4500 | ||
|---|---|---|---|
| 001 | 000095066 | ||
| 003 | CHAP | ||
| 005 | 20220329143055.0 | ||
| 008 | 051214d2005 mx abd r 00110 spa d | ||
| 010 | _a91532 | ||
| 011 | _a92504 | ||
| 035 | _a103068 | ||
| 040 | _cCHAP | ||
| 090 | _aTesis | ||
| 100 | 0 | 0 |
_aGaona Bernal, Elisa Erika. _945568 |
| 245 | 1 | 0 |
_aEvaluación de variedades de jitomate (Lycopersicon esculentum Mill.) bajo invernadero, en Aquixtla, Pue. / _c/por Elsa Erika Gaona Bernal y Rafael Juárez López. |
| 260 |
_aChapingo, Méx. : _bEl autor, _c2005. |
||
| 300 |
_a68 h. : _bilus. ; gráfs. ; mapas ; cuadros. |
||
| 502 | _aTesis (Ing. Agr. Esp. en Fitotecnia) -- UACH. Departamento de Fitotecnia | ||
| 590 |
_aALEPH _b10 _c20130110 _lUCH01 _h1508 |
||
| 590 |
_aBATCH-UPD _b10 _c20130110 _lUCH01 _h0611 |
||
| 590 |
_aBATCH-UPD _b10 _c20130410 _lUCH01 _h0253 |
||
| 590 |
_aBATCH-UPD _b10 _c20130914 _lUCH01 _h1130 |
||
| 590 |
_aBATCH-UPD _b10 _c20140324 _lUCH01 _h1453 |
||
| 590 |
_aBATCH-UPD _b10 _c20141002 _lUCH01 _h0828 |
||
| 590 |
_aCONVERSION _b10 _c20130109 _lUCH01 _h1351 |
||
| 590 |
_aE792CSJ _b10 _c20130617 _lUCH01 _h1029 |
||
| 650 | 1 | 4 |
_aCultivos en invernadero. _930376 |
| 650 | 1 | 4 |
_aTomate _xPuebla. _9113759 |
| 650 | 1 | 4 |
_aTomate _xVariedades. _9113777 |
| 700 | 0 |
_aJuárez López, Rafael. _962437 |
|
| 856 |
_3Finding aid _uhttp://10.13.5.2/tesis/103068.pdf _zTeclea aquí |
||
| 901 | _aBK | ||
| 905 | _aMarco A. Mendoza T. | ||
| 942 | _cCD | ||
| 942 | _n0 | ||
| 949 |
_aTesis _bBC _cTES _d1030681 _eTS1 _gDonaciØn _h44461 _i103068 _sb |
||
| 949 |
_aTesis _bBC _cTES _d33724000967600 _eTS2 _fc.2 _gDonaciØn _h44462 _i103068 _si |
||
| 999 |
_c91532 _d91532 |
||